000 00680nab a2200181 4500
001 244442
003 OSt
005 20240711081300.0
007 tu
008 200917s2020|||||||
040 _aDE-2950
_cDE-2950
245 0 0 _aStart für Bunten Hering in Slubice
_bWochenende. Beim Stadtfest in der Frankfurter Nachbarstadt ist am Freitag und Sonnabend gut was los. Es haben sich einige polnische Stars angekündigt. Der Überblick/
_cKarl Baptist, Marlena Dumin, Thomas Gutke
264 _c2024
653 _aFrankfurt (Oder) - Slubice
653 _aStadtfest
773 0 _g35. Jahrgang (2024) Nr. 154 vom 04.07.2024, S. 15 mit Foto
_tMärkische Oderzeitung
942 _2z
_cA
999 _c373240
_d373240